| 000 | 00784nas a2200265 4500 | ||
|---|---|---|---|
| 001 | BR6007961 | ||
| 003 | BR-BrBNA | ||
| 005 | 20231205082043.0 | ||
| 007 | ta | ||
| 008 | 230509b bl.|||p| |||| 00| 00por d | ||
| 040 |
_aBR-BrBNA _bpor _cBiblioteca Nacional de Agricultura |
||
| 041 | _a(Pt) | ||
| 072 | _aF60 | ||
| 100 | 1 | _aAccioly, J.C. | |
| 245 | 1 | _aTeores de cobalto em gramineas coletadas em Fortaleza, Ceara, Brazil [Analise quimica; Analise foliar] | |
| 650 | _aGRAMINEA FORRAGEIRA | ||
| 650 | _aANALISE QUIMICA | ||
| 650 | _aANALISE FOLIAR | ||
| 650 | _aCOBALTO | ||
| 650 | _aFORTALEZA | ||
| 650 | _aCEARA | ||
| 773 | 0 |
_tCiencia Agronomica (Brazil) _x _g(Dec 1975), v. 5(1-2) p. 57-60 _wBR6007961 |
|
| 909 |
_a202311 _bLúcia _c55 _dLúcia Elande |
||
| 942 |
_2AGRIS _n0 _cANA |
||
| 999 |
_c88849 _d88849 |
||